GHAR- JEUTI (Record no. 27098)
[ view plain ]
| 000 -LEADER | |
|---|---|
| fixed length control field | 00458cam a2200157ua 4500 |
| 001 - CONTROL NUMBER | |
| control field | 23850 |
| 008 - FIXED-LENGTH DATA ELEMENTS--GENERAL INFORMATION | |
| fixed length control field | 180705n II |||gr||||Z||||||eng |
| 082 ## - DEWEY DECIMAL CLASSIFICATION NUMBER | |
| Classification number | 891.451 |
| 100 1# - MAIN ENTRY--PERSONAL NAME | |
| Personal name | ARPANA MAHANTA, |
| Relator term | EDITOR/ COMPILER. |
| 245 1# - TITLE STATEMENT | |
| Title | GHAR- JEUTI |
| Medium | Textual Documents |
| 250 ## - EDITION STATEMENT | |
| Edition statement | 1ST ED. |
| 260 ## - PUBLICATION, DISTRIBUTION, ETC. | |
| Place of publication, distribution, etc. | GUWAHATI: |
| Name of publisher, distributor, etc. | ASOM PRAKASHAN PARISHAD, |
| Date of publication, distribution, etc. | 2008. |
| 300 ## - PHYSICAL DESCRIPTION | |
| Extent | 1222: |
| Dimensions | 21+ |
| Accompanying material | HB. |
| 653 ## - INDEX TERM--UNCONTROLLED | |
| Uncontrolled term | Asomiya Sahitya |
No items available.